Countries with the Highest Crime Rates - Statistics

General Stats
  • This quiz has been taken 45 times
  • The average score is 10 of 20
Answer Stats
Crime Index Country % Correct
66.10 Brazil
76%
82.10 Venezuela
76%
75.50 South Africa
71%
74.30 Honduras
63%
65.80 Nigeria
63%
78.30 Haiti
58%
69.10 Syria
55%
64.00 Argentina
53%
66.70 Somalia
53%
78.40 Afghanistan
50%
67.50 Peru
50%
67.50 Jamaica
47%
65.80 Angola
39%
68.80 Guyana
37%
62.50 Bangladesh
34%
70.80 Trinidad and Tobago
34%
80.40 Papua new Guinea
32%
63.70 Mozambique
26%
64.60 Namibia
26%
64.20 Burundi
18%
No matching quizzes found
Score Distribution
Percent of People with Each Score
Percentile by Number Answered
Your Score History
You have not taken this quiz